000 00316nam a2200121Ia 4500
008 190216s9999||||xx |||||||||||||| ||und||
100 _aMukundan R
245 0 _aKinetic Theory Thermodyanmics And Statistical Mechanics
260 _bM/S Thirumugal Traders
_c1994
300 _a192p
650 _aPhysics
942 _cBK
999 _c33304
_d33304